Warframe - All Warframes - Statistics

General Stats
  • This quiz has been taken 2,371 times
    1,076 since last reset
  • The average score is 48 of 60
Answer Stats
Type/Themes Warframe % Correct
Assassin, Ninja Ash
95%
Knight, Samurai Excalibur
93%
Magnetism Mag
93%
Electric, Elemental Volt
93%
Ice, Elemental Frost
92%
Speed, Runner Gauss
92%
Flame, Elemental Ember
90%
Day & Night Equinox
89%
Musical Octavia
89%
Brawler, Elemental Atlas
88%
Sound Banshee
88%
Monkey Warrior Wukong
88%
Glass, Warrior Gara
87%
Draconic, Elemental Chroma
86%
Gluttonous Grendel
86%
Archer, Huntress Ivara
86%
Gunslinger Mesa
86%
Necromancy Nekros
86%
Monk Baruuk
84%
Crystal Citrine
84%
Knowledge, Magic Dante
84%
Sand, Elemental Inaros
84%
Fairy Titania
84%
Infestation Nidus
83%
Antimatter Nova
83%
Heavy, Tank Rhino
83%
Toxic, Poisonous Saryn
83%
Hybridisation, Sentient Caliban
82%
Priest, Void Harrow
82%
Water, Elemental Hydroid
82%
Horror, Gore Garuda
80%
Trickster Loki
80%
Healer Trinity
80%
Aquakinesis, Surfer Yareli
80%
Magician, Rifts Limbo
79%
Harlequin Mirage
79%
Shield Maiden Hildryn
78%
Alchemist Lavos
78%
Flame Walker Nezha
78%
Nature, Paladin Oberon
78%
Broken, Void Manipulation Xaku
78%
Wind, Elemental Zephyr
78%
Psychic Nyx
77%
Eidolon, Condemned Revenant
77%
Stealth, Sharpshooter Cyte-09
75%
Engineer Vauban
75%
Technician, Time Manipulation Protea
74%
Beast, Stealth Voruna
72%
Magnetism, Tesla Gyre
71%
Angel, Light Elemental Jade
71%
Berserker Valkyr
70%
Olympian, Shield & Spear Styanax
69%
Metal, Beast Master Khora
68%
Glam Rock, Pyromania Temple
67%
Ethereal, Portal Manipulator Wisp
67%
Puppetry, Shrine Maiden Koumei
66%
Swords Kullervo
65%
Reaper Sevagoth
65%
Phantom Dagath
54%
Crowd Control, Tank Qorvex
48%
No matching quizzes found
Score Distribution
Percent of People with Each Score
Percentile by Number Answered
Your Score History
You have not taken this quiz since the last reset